00369nam a2200157Ia 4500003000400000005001700004008004000021040000700061041001200068082001300080100002300093245001900116260004600135300000800181700002200189OSt20250110093737.0210210b1976 xxu||||| |||| 00| 0 eng d cAL aEnglish a954 SINV aSINGH (Khushwant). aView of India  aBombay.bIndia Book House Pvt Ltd.,c1976 a288 a SINGH (Rahul) Ed